Review of genera of the tribe Sparasionini (Hymenoptera: Platygastroidea, Scelionidae), and description of two new genera from the New World / (Record no. 254647)
[ view plain ]
| 000 -LEADER | |
|---|---|
| fixed length control field | 00873nam a2200241 a 4500 |
| 001 - CONTROL NUMBER | |
| control field | 000686581 |
| 003 - CONTROL NUMBER IDENTIFIER | |
| control field | AM-YeHGA |
| 005 - DATE AND TIME OF LATEST TRANSACTION | |
| control field | 20250617142258.0 |
| 008 - FIXED-LENGTH DATA ELEMENTS--GENERAL INFORMATION | |
| fixed length control field | 090930s2008 nyu r 000 0 eng d |
| 040 ## - CATALOGING SOURCE | |
| Original cataloging agency | AM-YeHGA |
| 041 0# - LANGUAGE CODE | |
| Language code of text/sound track or separate title | eng |
| 090 ## - LOCALLY ASSIGNED LC-TYPE CALL NUMBER (OCLC); LOCAL CALL NUMBER (RLIN) | |
| -- | 256250 |
| 100 1# - MAIN ENTRY--PERSONAL NAME | |
| Personal name | Johnson, Norman F. |
| 245 10 - TITLE STATEMENT | |
| Title | Review of genera of the tribe Sparasionini (Hymenoptera: Platygastroidea, Scelionidae), and description of two new genera from the New World / |
| Statement of responsibility, etc. | Norman F. Johnson, Lubomir Masner, and Luciana Musetti. |
| 260 ## - PUBLICATION, DISTRIBUTION, ETC. | |
| Place of publication, distribution, etc. | New York : |
| Name of publisher, distributor, etc. | American Museum of Natural History, |
| Date of publication, distribution, etc. | 2008. |
| 300 ## - PHYSICAL DESCRIPTION | |
| Extent | 24 p. : |
| Other physical details | ill. : figs. |
| 440 #0 - SERIES STATEMENT/ADDED ENTRY--TITLE | |
| Title | American Museum Novitates |
| International Standard Serial Number | 0003-0082 |
| Volume/sequential designation | No. 3629 |
| 504 ## - BIBLIOGRAPHY, ETC. NOTE | |
| Bibliography, etc. note | Includes bibliogr. references : (p. 22-24.) |
| 650 14 - SUBJECT ADDED ENTRY--TOPICAL TERM | |
| Topical term or geographic name entry element | Zoology |
| 700 1# - ADDED ENTRY--PERSONAL NAME | |
| Personal name | Masner, Lubomir |
| 700 1# - ADDED ENTRY--PERSONAL NAME | |
| Personal name | Musetti, Luciana |
| 710 2# - ADDED ENTRY--CORPORATE NAME | |
| Corporate name or jurisdiction name as entry element | American Museum of Natural History |
| Withdrawn status | Lost status | Damaged status | Not for loan | Collection | Home library | Current library | Date acquired | Cost, normal purchase price | Shelving control number | Total checkouts | Full call number | Barcode | Date last seen | Price effective from | Koha item type | Public note |
|---|---|---|---|---|---|---|---|---|---|---|---|---|---|---|---|---|
| General | Fundamental Scientific Library | Fundamental Scientific Library | 29/12/2016 | 250.00 | ПИ 995/3629 | FL0120385 | 29/12/2016 | 29/12/2016 | Գրքեր / Books | 30 Days Loan |
ՀՀ Գիտությունների ազգային ակադեմիայի հիմնարար գիտական գրադարան = Fundamental Scientific Library of NAS RA
All site content, except where otherwise noted, is licensed under a